000 00739nam a2200217Ia 4500
008 131103s9999 xx 000 0 und d
020 _cRs 787
040 _aLoreto College
041 _aEnglish
082 _a370.7/NAT
_bLCLIB/45201
245 _aFifth Survey of Educational Research
_b 1988-92 Abstracts Volume II
_cNational Council of Educational Research and Training
260 _aNew Delhi
_bNational Council of Educational Research and Training
_c2000
300 _axii,2004p
_c 27 cm
504 _aIncludes index
630 _aEducation
630 _aEducational Research
650 _aEducational Training
651 _aNational Council of Educational Research and Training
850 _aLCLIB/370.7/NAT
942 _cBK
999 _c15698
_d66177